00985nam a2200289 i 450000500170000000800410001702000150005804000350007304100080010808200180011610000370013424500580017125000220022926400260025130000250027733600270030233700330032933800280036250400410039060000680043165000350049965000430053465000420057770000460061994200150066599900150068020220317000036.0141031s2006 ck gs 000 0dspa d a9589784232 aCO-BoRNBPbspacCO-BoRNBPerda0 aspa04aCo868.42bJ811 aRoca, Juan Manuel,d1946-eautor10aJuan Manuel Roca-bulariocselección de Henry Posada aPrimera edición 1aBogotábIconoc2006 a149 páginasc22 cm atextobtxt2rdacontent asin mediaciónbn2rdamedia avolumenbnc2rdacarrier aIncluye referencias bibliográficas14a Roca Vidales, Juan Manueld1946-xCitas, máximas, etc993302142LEMBaRoca, Juan Manuely1946-142LEMBaPoesía colombianaxVocabulario142LEMBaLiteratura colombianaySiglo XX1 aPosada, Henry,d1958-ecompilador9124608 2ddccBKLIT c2970d2970